| 000 | 00553nam a2200193 u 4500 | ||
|---|---|---|---|
| 005 | 20210223133008.0 | ||
| 008 | 160727s2010 mx r 000 0 spa d | ||
| 020 | _a9786074002607 | ||
| 035 | _aUPN01000211945 | ||
| 049 | _aI | ||
| 050 | 4 |
_aPZ74.7 _bG8.6 |
|
| 100 | 0 |
_aGusti, _d1963- _933339 |
|
| 245 | 0 | 0 |
_aNino : _bel rey de todo el mundo / _cGusti. |
| 260 |
_aMéxico : _bOceano, _c2010. |
||
| 300 |
_a[40] p. : _bil. col. |
||
| 650 | 4 |
_aREYES Y GOBERNANTES - _vLITERATURA INFANTIL _911040 |
|
| 650 | 4 |
_aHUMORISMO INFANTIL _915728 |
|
| 905 | _aInfantil | ||
| 999 |
_c184046 _d184046 |
||